[Event "Taufkirchen Innviertler-ch 21st"]
[Site "Taufkirchen"]
[Date "2019.08.25"]
[Round "4.2"]
[White "Traunwieser, Georg"]
[Black "Wiesner, Thomas"]
[Result "1-0"]
[WhiteElo "2089"]
[BlackElo "1656"]
[PlyCount "157"]
[EventDate "2019.08.23"]
[EventType "swiss"]
[EventRounds "5"]
[EventCountry "AUT"]
[SourceTitle "EXT 2024"]
[Source "ChessBase"]
[SourceDate "2023.10.10"]
[SourceVersion "1"]
[SourceVersionDate "2023.10.10"]
[SourceQuality "1"]

1. d4 d5 2. c4 c6 3. cxd5 cxd5 4. Nc3 Nf6 5. Bf4 Nc6 6. e3 e6 7. Nf3 Be7 8. Bd3 0-0 9. 0-0 a6 10. Ne5 Bd7 11. Nxd7 Qxd7 12. Na4 Qd8 13. Rc1 Rc8 14. Nc5 Bxc5 15. dxc5 e5 16. Bg5 h6 17. Bh4 g5 18. Bg3 Qe7 19. a3 Ne4 20. b4 Rfd8 21. Bxe4 dxe4 22. Qg4 Rd3 23. Ra1 Rcd8 24. Qxe4 Qe6 25. f4 f5 26. Qf3 e4 27. Qh5 g4 28. Bf2 Kg7 29. Rfe1 Qg6 30. Qxg6+ Kxg6 31. Ra2 Rb3 32. h3 h5 33. hxg4 hxg4 34. Kh2 Rdd3 35. Rea1 Ne7 36. Be1 Nd5 37. Rc1 Ne7 38. a4 Rxe3 39. Rac2 Nc6 40. Rc4 Red3 41. Kg1 Kf7 42. Bc3 Ke6 43. Kf1 Kd5 44. Be1 Rd4 45. R4c2 Nxb4 46. Bxb4 Rbxb4 47. c6 bxc6 48. Rxc6 Rbc4 49. R1xc4 Rxc4 50. Rxa6 Rc5 51. Ke2 Kd4 52. Rd6+ Kc3 53. Rb6 Ra5 54. Rb5 Rxa4 55. Rxf5 Ra2+ 56. Ke3 Rxg2 57. Rc5+ Kb4 58. Rc1 Kb3 59. Kxe4 Re2+ 60. Kd3 Rf2 61. Ke3 Rf3+ 62. Ke4 Rf2 63. Rg1 Re2+ 64. Kd4 Rd2+ 65. Ke5 Rd8 66. Rxg4 Kc4 67. Kf6 Rd4 68. Rh4 Re4 69. Kf5 Kd5 70. Rh8 Kd4 71. Ra8 Re7 72. Ra5 Rf7+ 73. Kg5 Ke4 74. Re5+ Kd4 75. Re1 Kd5 76. f5 Kd6 77. Kg6 Rf8 78. f6 Kd7 79. Kg7 1-0

[Event "Taufkirchen Innviertler-ch 21st"]
[Site "Taufkirchen"]
[Date "2019.08.24"]
[Round "3.1"]
[White "Charaus, Florian"]
[Black "Traunwieser, Georg"]
[Result "1-0"]
[WhiteElo "2054"]
[BlackElo "2089"]
[PlyCount "103"]
[EventDate "2019.08.23"]
[EventType "swiss"]
[EventRounds "5"]
[EventCountry "AUT"]
[SourceTitle "EXT 2024"]
[Source "ChessBase"]
[SourceDate "2023.10.10"]
[SourceVersion "1"]
[SourceVersionDate "2023.10.10"]
[SourceQuality "1"]

1. d4 Nf6 2. c4 e6 3. Nc3 Bb4 4. e3 0-0 5. Nge2 d5 6. a3 Bd6 7. cxd5 exd5 8. Ng3 Re8 9. Bd3 c6 10. Qc2 Bf8 11. Bd2 b6 12. 0-0 c5 13. dxc5 bxc5 14. Bb5 Re6 15. Rad1 Bb7 16. Na4 Nbd7 17. b4 Rc8 18. Qb2 Ba8 19. Bc3 Rb8 20. Bd3 d4 21. exd4 cxb4 22. axb4 Nd5 23. Nc5 Rh6 24. Bd2 Rhb6 25. Qc2 g6 26. b5 N7f6 27. Ba5 Nf4 28. Bxb6 axb6 29. Nce4 N6d5 30. Bc4 Qh4 31. Bxd5 Bxd5 32. Qc7 Re8 33. f3 Re6 34. Nc3 Bb3 35. Rde1 Nd3 36. Re4 Qf6 37. Nce2 Bd5 38. Qc3 Nb4 39. Rxe6 Bxe6 40. Ne4 Qh4 41. g3 Qd8 42. Nf4 Bf5 43. Rb1 g5 44. Nd3 Nd5 45. Qc6 Bg7 46. Ne5 g4 47. Re1 Ne7 48. Qd6 Qf8 49. Nf6+ Bxf6 50. Qxf6 gxf3 51. Nxf3 Be6 52. Ng5 1-0

[Event "AUT-chT2M 1819"]
[Site "Austria"]
[Date "2018.10.19"]
[Round "1.1"]
[White "Traunwieser, Georg"]
[Black "Hiermann, Dietmar"]
[Result "1/2-1/2"]
[WhiteElo "2113"]
[BlackElo "2243"]
[PlyCount "59"]
[EventDate "2018.10.19"]
[EventType "team-tourn"]
[EventRounds "11"]
[EventCountry "AUT"]
[SourceTitle "CBM 186 Extra"]
[Source "ChessBase"]
[SourceDate "2018.08.24"]
[SourceVersion "1"]
[SourceVersionDate "2018.08.24"]
[SourceQuality "1"]
[WhiteTeam "Freistadt/Wartberg"]
[BlackTeam "Sauwald"]
[WhiteTeamCountry "AUT"]
[BlackTeamCountry "AUT"]

1. d4 d5 2. c4 e6 3. Nc3 Nf6 4. cxd5 exd5 5. Bg5 c6 6. Qc2 Be7 7. e3 Nbd7 8. Bd3 Nh5 9. Bxe7 Qxe7 10. Nge2 Nhf6 11. Ng3 Nb6 12. 0-0 0-0 13. Rae1 Be6 14. f3 Rad8 15. Nce2 g6 16. Nf4 Rfe8 17. b3 Nbd7 18. e4 dxe4 19. fxe4 Nb6 20. e5 Nfd5 21. Nxe6 fxe6 22. a3 Rf8 23. Rxf8+ Rxf8 24. Bxg6 hxg6 25. Qxg6+ Qg7 26. Qxe6+ Qf7 27. Qg4+ Qg7 28. Qe6+ Qf7 29. Qg4+ Qg7 30. Qe6+ 1/2-1/2

[Event "Hoersching op 4th"]
[Site "Hoersching"]
[Date "2016.09.03"]
[Round "6"]
[White "Traunwieser, Georg"]
[Black "Luger, Andreas"]
[Result "1-0"]
[WhiteElo "2115"]
[BlackElo "1807"]
[PlyCount "111"]
[EventDate "2016.08.29"]
[EventType "swiss"]
[EventRounds "7"]
[EventCountry "AUT"]
[SourceTitle "CBM 174 Extra"]
[Source "ChessBase"]
[SourceDate "2016.10.10"]
[SourceVersion "1"]
[SourceVersionDate "2016.10.10"]
[SourceQuality "1"]

1. d4 e6 2. Nf3 b6 3. c4 d5 4. Nc3 Nf6 5. Bg5 Be7 6. cxd5 exd5 7. Ne5 0-0 8. e3 Bb7 9. Qa4 a6 10. Rd1 b5 11. Qb3 c6 12. Bd3 Nbd7 13. Bxf6 Bxf6 14. Nf3 Rc8 15. Bb1 Qe7 16. 0-0 Rfd8 17. Rfe1 Nb6 18. e4 Qd7 19. e5 Be7 20. Ne2 c5 21. Ng3 g6 22. e6 fxe6 23. Ne5 Qe8 24. Ne2 Nc4 25. Ng4 Qf8 26. Rd3 Bg5 27. h4 Bxh4 28. Rf3 Qg7 29. Qd1 Bg5 30. Rh3 h5 31. Ne5 Nxe5 32. dxe5 d4 33. Rg3 Qxe5 34. f4 Bxf4 35. Rxg6+ Kf7 36. Nxf4 Qxf4 37. Rf1 d3 38. Rxf4+ Kxg6 39. Bxd3+ Kg5 40. Qc1 Rxd3 41. Rd4+ Kf6 42. Qh6+ Ke7 43. Rxd3 Bd5 44. a3 c4 45. Rg3 a5 46. Qg7+ Kd6 47. Qa7 Ra8 48. Qb6+ Ke5 49. Qxb5 h4 50. Rg4 Rh8 51. Qxa5 Kf5 52. Rg7 h3 53. g4+ Kf4 54. Qd2+ Ke4 55. Kh2 Rb8 56. Rh7 1-0

[Event "Neumarkt am Wallersee op 11th"]
[Site "Neumarkt am Wallersee"]
[Date "2012.08.28"]
[Round "3"]
[White "Traunwieser, Georg"]
[Black "Stadler, Alexander"]
[Result "1/2-1/2"]
[WhiteElo "2167"]
[BlackElo "2035"]
[PlyCount "36"]
[EventDate "2012.08.26"]
[EventType "swiss"]
[EventRounds "9"]
[EventCountry "AUT"]
[SourceTitle "EXT 2013"]
[Source "ChessBase"]
[SourceDate "2012.11.22"]
[SourceVersion "1"]
[SourceVersionDate "2012.11.22"]
[SourceQuality "1"]

1. d4 d5 2. c4 c6 3. Nc3 Nf6 4. Nf3 e6 5. g3 Nbd7 6. Bg2 Bd6 7. 0-0 0-0 8. Qd3 Qe7 9. e4 dxc4 10. Qxc4 e5 11. dxe5 Nxe5 12. Nxe5 Qxe5 13. Rd1 Qc5 14. Qd3 Bc7 15. Be3 Qh5 16. f3 Bh3 17. Bh1 Qg6 18. Ne2 Rfe8 1/2-1/2

[Event "Neumarkt am Wallersee op 11th"]
[Site "Neumarkt am Wallersee"]
[Date "2012.08.27"]
[Round "2"]
[White "Melde, Volker"]
[Black "Traunwieser, Georg"]
[Result "0-1"]
[WhiteElo "1939"]
[BlackElo "2167"]
[PlyCount "54"]
[EventDate "2012.08.26"]
[EventType "swiss"]
[EventRounds "9"]
[EventCountry "AUT"]
[SourceTitle "EXT 2013"]
[Source "ChessBase"]
[SourceDate "2012.11.22"]
[SourceVersion "1"]
[SourceVersionDate "2012.11.22"]
[SourceQuality "1"]

1. f4 e5 2. fxe5 Nc6 3. Nf3 d6 4. d4 Bg4 5. Bg5 Be7 6. Bxe7 Ngxe7 7. exd6 Qxd6 8. c3 0-0-0 9. Na3 Bxf3 10. gxf3 Qh6 11. Qd2 Qh4+ 12. Kd1 Nxd4 13. cxd4 Rxd4 14. Bh3+ f5 15. Qxd4 Qxd4+ 16. Kc2 Qh4 17. Bf1 Qa4+ 18. Kc1 Qf4+ 19. Kc2 Rd8 20. Rc1 Nd5 21. Kb1 Ne3 22. Nb5 Rd1 23. Bh3 Rxh1 24. Rxh1 Qh4 25. Rc1 Qxh3 26. Rxc7+ Kb8 27. Rd7 Qf1+ 0-1

[Event "Las Palmas op"]
[Site "Las Palmas"]
[Date "2009.04.12"]
[Round "9"]
[White "Martin Hernandez, Ruben"]
[Black "Traunwieser, Georg"]
[Result "1-0"]
[WhiteElo "1924"]
[BlackElo "2107"]
[PlyCount "73"]
[EventDate "2009.04.05"]
[EventType "swiss"]
[EventRounds "9"]
[EventCountry "ESP"]
[SourceTitle "CBM 129 Extra"]
[Source "ChessBase"]
[SourceDate "2009.05.05"]
[SourceVersion "2"]
[SourceVersionDate "2009.05.20"]
[SourceQuality "1"]

1. d4 d5 2. c4 c6 3. Nf3 Nf6 4. g3 dxc4 5. Bg2 Bf5 6. 0-0 Nbd7 7. Nc3 e6 8. Nh4 Bg4 9. h3 Bh5 10. g4 Nd5 11. e4 Nxc3 12. bxc3 Qxh4 13. gxh5 Bd6 14. f4 Bc7 15. Rb1 0-0-0 16. Qa4 Bb6 17. Qxc4 Qxh5 18. a4 h6 19. Be3 Qa5 20. Rb2 Bc7 21. d5 Nb6 22. Bxb6 Bxb6+ 23. Kh1 Qc5 24. Qa2 cxd5 25. exd5 exd5 26. Rb5 Qxc3 27. a5 Bc7 28. a6 Qc6 29. Rxb7 Qc4 30. Qa1 Rd7 31. Rxa7 Kb8 32. Rb7+ Ka8 33. Qc1 Qxa6 34. Rxc7 Rhd8 35. Rxd7 Rxd7 36. Qc5 Qa4 37. Bxd5+ 1-0

[Event "Wattens op 10th"]
[Site "Wattens"]
[Date "1995.??.??"]
[Round "?"]
[White "Gruber, Michael"]
[Black "Traunwieser, Georg"]
[Result "1/2-1/2"]
[WhiteElo "1650"]
[BlackElo "1950"]
[PlyCount "90"]
[EventDate "1995.??.??"]
[EventType "swiss"]
[EventRounds "9"]
[EventCountry "AUT"]
[SourceTitle "EXT 2000"]
[Source "ChessBase"]
[SourceDate "1999.11.16"]
[SourceVersion "1"]
[SourceVersionDate "1999.11.16"]
[SourceQuality "1"]

1. e4 Nf6 2. Nc3 d5 3. exd5 Nxd5 4. Nf3 Bf5 5. d4 Nb4 6. Bb5+ c6 7. Ba4 e6 8. a3 Nd5 9. Nxd5 exd5 10. 0-0 Be7 11. Bf4 0-0 12. c3 Bd6 13. Bxd6 Qxd6 14. Bc2 Bxc2 15. Qxc2 Nd7 16. Rae1 Rae8 17. Rxe8 Rxe8 18. Re1 Rxe1+ 19. Nxe1 Qe6 20. Nf3 Nb6 21. h3 Qe7 22. Qf5 g6 23. Qf4 Nc4 24. b3 Qd6 25. Qxd6 Nxd6 26. Nd2 Nb5 27. Nb1 Kg7 28. a4 Nd6 29. Nd2 Kf6 30. g3 Ke6 31. f3 b5 32. a5 b4 33. cxb4 Nf5 34. Kf2 Nxd4 35. f4 Nc2 36. b5 cxb5 37. Nf3 f6 38. Ke2 a6 39. Kd2 Nb4 40. Kc3 Nc6 41. Nd4+ Nxd4 42. Kxd4 Kd6 43. b4 h6 44. Kd3 d4 45. Kxd4 h5 1/2-1/2

[Event "Wattens op 10th"]
[Site "Wattens"]
[Date "1995.??.??"]
[Round "?"]
[White "Michel, Jan"]
[Black "Traunwieser, Georg"]
[Result "0-1"]
[WhiteElo "1645"]
[BlackElo "1950"]
[PlyCount "46"]
[EventDate "1995.??.??"]
[EventType "swiss"]
[EventRounds "9"]
[EventCountry "AUT"]
[SourceTitle "EXT 2000"]
[Source "ChessBase"]
[SourceDate "1999.11.16"]
[SourceVersion "1"]
[SourceVersionDate "1999.11.16"]
[SourceQuality "1"]

1. e4 Nf6 2. Nc3 d5 3. exd5 Nxd5 4. Bc4 Nb6 5. Bb3 c5 6. Nf3 c4 7. Ba4+ Nxa4 8. Nxa4 Bg4 9. h3 Bh5 10. g4 Bg6 11. Nc3 Nc6 12. Nh4 e6 13. Nxg6 hxg6 14. Qe2 Rc8 15. Qxc4 a6 16. a3 Nd4 17. Qd3 Qf6 18. Kf1 Nf3 19. Qe4 Be7 20. Qxb7 0-0 21. Qe4 Bc5 22. d3 Bd4 23. g5 Nd2+ 0-1

[Event "Wattens op 10th"]
[Site "Wattens"]
[Date "1995.??.??"]
[Round "?"]
[White "Mueller, Heinz"]
[Black "Traunwieser, Georg"]
[Result "1/2-1/2"]
[WhiteElo "2240"]
[BlackElo "1950"]
[PlyCount "46"]
[EventDate "1995.??.??"]
[EventType "swiss"]
[EventRounds "9"]
[EventCountry "AUT"]
[SourceTitle "EXT 2000"]
[Source "ChessBase"]
[SourceDate "1999.11.16"]
[SourceVersion "1"]
[SourceVersionDate "1999.11.16"]
[SourceQuality "1"]

1. g3 d5 2. f4 Nc6 3. Nf3 Bg4 4. d4 Bxf3 5. exf3 e6 6. c3 Bd6 7. Bd3 h5 8. Be3 Qf6 9. Qd2 Nge7 10. b4 Nf5 11. Bf2 a5 12. b5 Ncxd4 13. cxd4 Nxd4 14. Bxd4 Qxd4 15. Nc3 Bb4 16. Rc1 Qf6 17. Ke2 h4 18. g4 0-0-0 19. Rc2 g5 20. Qc1 gxf4 21. Rd1 Bc5 22. Na4 Qe5+ 23. Kf1 Be3 1/2-1/2

[Event "Wattens op 10th"]
[Site "Wattens"]
[Date "1995.??.??"]
[Round "?"]
[White "Traunwieser, Georg"]
[Black "Enigl, Karl"]
[Result "1/2-1/2"]
[WhiteElo "1950"]
[BlackElo "2185"]
[PlyCount "38"]
[EventDate "1995.??.??"]
[EventType "swiss"]
[EventRounds "9"]
[EventCountry "AUT"]
[SourceTitle "EXT 2000"]
[Source "ChessBase"]
[SourceDate "1999.11.16"]
[SourceVersion "1"]
[SourceVersionDate "1999.11.16"]
[SourceQuality "1"]

1. e4 Nf6 2. e5 Nd5 3. d4 d6 4. Nf3 Bg4 5. Be2 e6 6. 0-0 Be7 7. h3 Bh5 8. Nc3 Nxc3 9. bxc3 d5 10. c4 c6 11. cxd5 cxd5 12. c4 dxc4 13. Bxc4 Nc6 14. d5 exd5 15. Bxd5 0-0 16. Bf4 Qa5 17. Qb3 Rad8 18. Rfd1 Qb4 19. Qxb4 Bxb4 1/2-1/2

[Event "Wattens op 10th"]
[Site "Wattens"]
[Date "1995.??.??"]
[Round "?"]
[White "Traunwieser, Georg"]
[Black "Gerhold, Michael"]
[Result "0-1"]
[WhiteElo "1950"]
[BlackElo "2240"]
[PlyCount "66"]
[EventDate "1995.??.??"]
[EventType "swiss"]
[EventRounds "9"]
[EventCountry "AUT"]
[SourceTitle "EXT 2000"]
[Source "ChessBase"]
[SourceDate "1999.11.16"]
[SourceVersion "1"]
[SourceVersionDate "1999.11.16"]
[SourceQuality "1"]

1. d4 Nf6 2. Nf3 e6 3. c4 b6 4. a3 Ba6 5. Qc2 Bb7 6. Nc3 c5 7. e4 cxd4 8. Nxd4 d6 9. Bg5 Nbd7 10. Rd1 a6 11. Be2 Be7 12. 0-0 Qc7 13. f4 0-0 14. f5 e5 15. Nb3 b5 16. cxb5 Bxe4 17. Bd3 Qb6+ 18. Kh1 Bxd3 19. Rxd3 axb5 20. Rh3 Rfc8 21. Bxf6 Nxf6 22. g4 Nxg4 23. f6 Qc6+ 24. Kg1 Nxf6 25. Rxf6 Bxf6 26. Qxh7+ Kf8 27. Qd3 g6 28. Nd5 Bg7 29. Rf3 Ra7 30. Nb4 Qc4 31. Qxd6+ Kg8 32. Nd5 Qg4+ 33. Rg3 Qd1+ 0-1